Para el maestro : (Record no. 43580)

MARC details
000 -CABECERA
campo de control de longitud fija 00808nam a2200217 a 4500
005 - FECHA Y HORA DE LA ÚLTIMA TRANSACCIÓN
campo de control 20210223122906.0
008 - ELEMENTOS DE LONGITUD FIJA--INFORMACIÓN GENERAL
campo de control de longitud fija 991125s1952 mx 000 0 spa u
035 ## - NÚMERO DE CONTROL DEL SISTEMA
Número de control de sistema UPN01000043580
049 ## - COLECCIÓN
Colección LT
050 #4 - SIGNATURA TOPOGRÁFICA DE LA BIBLIOTECA DEL CONGRESO
Número de clasificación LB1571 M6.6
Número de documento/Ítem 1952
100 1# - ASIENTO PRINCIPAL--NOMBRE PERSONAL
Nombre de persona Patrón Peniche, Prudencio
9 (RLIN) 28601
245 10 - MENCIÓN DE TÍTULO
Título Para el maestro :
Resto del título desarrollo mensual del programa oficial para la enseñanza de sexto año /
Mención de responsabilidad, etc. Prudencio Patrón Peniche, María L. Souza de P. ; rev. J. Jesús de la Rosa P., Ma. Antonieta Alvarez N
260 ## - PUBLICACIÓN, DISTRIBUCIÓN, ETC.
Lugar de publicación, distribución, etc. México :
Nombre del editor, distribuidor, etc. Avante,
Fecha de publicación, distribución, etc. 1952
300 ## - DESCRIPCIÓN FÍSICA
Extensión 578 p. :
Otras características físicas il.
500 ## - NOTA GENERAL
Nota general "Segundo grado del tercer ciclo"
500 ## - NOTA GENERAL
Nota general Disponible en la Colección Medina
650 #4 - ASIENTO SECUNDARIO DE MATERIA - TERMINO TEMATICO
Término de materia o nombre geográfico como elemento de entrada EDUCACION PRIMARIA -
Subdivisión de forma MANUALES
9 (RLIN) 9222
700 2# - ASIENTO SECUNDARIO--NOMBRE DE PERSONAL
Nombre de persona Souza de P., María L.,
Término indicativo de función/relación coaut.
904 ## - ELEMENTOS DE DATOS D LOCAL, LDD (RLIN)
a AC
b 043582
905 ## - TIPO DE MATERIAL
Tipo de material Libro
Holdings
Estado de retiro Estado de pérdida Fuente del sistema de clasificación o colocación Estado dañado No para préstamo Código de colección Localización permanente Ubicación/localización actual Ubicación en estantería Enumeración/cronología de publicación seriada Total de préstamos Clasificación Código de barras Fecha visto por última vez Número de copia Tipo de ítem Koha Fecha de adquisición
    Library of Congress Classification   Coleccion LT Libros de texto Bib. Gregorio Torres Quintero Bib. Gregorio Torres Quintero Libros de Texto -   LB1571 M6.6 1952 102002 31/12/2020 1 Libro  
    Library of Congress Classification   Disponible (Préstamo en sala) Libros de texto Bib. Gregorio Torres Quintero Bib. Gregorio Torres Quintero Colecciones especiales Planta alta -   LB1571 M6.6 1952 39726 31/12/2020 1 Libro 25/05/2023